1803 1613 1225 1423 1767 1979 1909 1613 1637 1874 1106 1737 1729 1772 1037 1192 1666 1532 1832 1543 1410 1724 1547 1861 1889 1721 1368 1331 1930 1829 1500 1808 1827 1056 1294 1256 1121 1023 1317 1852 1620 1201 1030 1085 1636 1928 1936 1301 1074 1421 1959 1073 1658 1748 1982 1182 1172 1590 1917 1163 1590 1688 1827 1287 1348 1270 1386 1386 1440 1019 1733 1022 1585 1107 1288 1053 1362 1404 1732 1090 1400 1386 1704 1830 1905 1565 1051 1542 1200 1137 1920 1367 1934 1471 1462 1745 1922 1648 1902 BCNSPRNW ULIB Ver.6.0+V

เปลี่ยนเป็นภาษาไทย

Change to English
 แสดงรายละเอียดบรรณานุกรม
  กลับหน้าหลัก

Brief Record : Get Marc (ISO 2709) : E-mail record : QR code < ปิดหน้าต่าง
LEADER : 00000nam 2200000uu 4500
001    13399108210
003     ULIB
008    110221s2544||||th 000 0 tha d
020    9745742503
060 04 WY159^bน276ก 2544
100 0  นฤมล ธีระรังสิกุล
245 10 การพยาบาลทารกคลอดก่อนกำหนด /^cนฤมล ธีระรังสิกุล
250     พิมพ์ครั้งที่ 2 (ปรับปรุง)
260    ชลบุรี :^bภาควิชาการพยาบาลแม่และเด็ก คณะพยาบาลศาสตร์มหาวิทยาลัยบูรพา,^c2544
300    ฉ, 142 หน้า :^bภาพประกอบ ;^c26 ซม.
440    โครงการตำราคณะพยาบาลศาสตร์ มหาวิทยาลัยบูรพา
536    ได้รับทุนสนับสนุนจาก โครงการตำราคณะพยาบาลศาสตร์มหาวิทยาลัยบูรพา
650  7 การพยาบาล
650  7 ทารกคลอดก่อนกำหนด
710 2  มหาวิทยาลัยบูรพา. ^bคณะพยาบาลศาสตร์.^bภาควิชาการพยาบาลแม่และเด็ก
945    ^p150^l0^i014835
945    ^p150^l0^i014834
945    ^p150^l0^i014833
945    ^p150^l0^i014831
945    ^p150^l0^i014830
945    ^p150^l0^i014829
945    ^p150^l0^i014828
945    ^p150^l0^i015145
945    ^p150^l0^i014832
945    ^p150^l0^i014827
995    เกษร
999 ^a ใช้งานได้ทุกระบบ
รายการนี้ยังไม่มีแท็ก
คุณยังไม่ได้ล็อกอิน คุณสามารถมีกิจกรรมร่วมกับเว็บไซต์ได้ แต่ต้องล็อกอินก่อน ::
  ล็อกอิน

รายการสื่อสารสนเทศ

ลำดับที่ ประเภท เลขเรียก/บาร์โค้ด สถานที่ สถานะ
- ไม่พบข้อมูล -

รายการใกล้เคียง
    ผู้แต่ง [นฤมล ธีระรังสิกุล]

    หัวเรื่อง [การพยาบาล]
    หัวเรื่อง [ทารกคลอดก่อนกำหนด]

BibComment


ยังไม่เคยถูกคอมเมนท์

คอมเมนท์ทรัพยากรรายการนี้
  คอมเมนท์: การพยาบาลทารกคลอด..


 Copyright 2026. Bcnsprnw @Library